000 00469nam a2200145 4500
999 _c6747
_d6747
008 170426b xxu||||| |||| 00| 0 eng d
022 _a0119-9000
082 _aDPer 641.505 C77 Jan-June 2013 v.13-14
245 _aImpressive gastronomy highlighting cultural contrasts.
260 _aPhilippines:
_bUBM Medica,
_c©Jan-June 2013.
300 _av13 n11, pages 68-72:
_billustrations;
_c29 cm.
500 _aCook.
650 0 _920412
_aGastronomy
942 _2ddc
_cPER